000 00671nam a2200217Ia 4500
003 GCL
008 140319s9999 xx 000 0 ara d
040 _aGCL /
_cGCL
082 0 4 _a811.9
_bع ع
100 1 _aعبدالرحمن الابنودى
245 1 0 _aعماليات: اشعار بالعامية المعربة /
_cعبدالرحمن الابنودى
300 _a79 ص
490 _aكتاب
_v0
650 0 4 _aالشعر العربى
650 0 4 _aالادب العربى
650 0 4 _aالعصر الحديث
650 0 4 _aالادب
650 0 4 _aالشعر الحر
650 0 4 _aالشعر العربى - العصر الحديث
942 _2ddc
_cBK
999 _c40908
_d40908